An inventory of wetlands of the Lao P.D.R.
Spremljeno u:
| Glavni autor: | |
|---|---|
| Format: | Knjiga |
| Jezik: | Undetermined |
| Izdano: |
Bangkok
IUCN
1996
|
| Teme: | |
| Oznake: |
Dodaj oznaku
Bez oznaka, Budi prvi tko označuje ovaj zapis!
|
| Thư viện lưu trữ: | Trung tâm Học liệu Trường Đại học Cần Thơ |
|---|
| LEADER | 00502nam a2200193Ia 4500 | ||
|---|---|---|---|
| 001 | CTU_122486 | ||
| 008 | 210402s9999 xx 000 0 und d | ||
| 082 | |a 631.7594 | ||
| 082 | |b C591 | ||
| 100 | |a Claridge, Gordon | ||
| 245 | 3 | |a An inventory of wetlands of the Lao P.D.R. | |
| 245 | 0 | |c Gordon Claridge | |
| 260 | |a Bangkok | ||
| 260 | |b IUCN | ||
| 260 | |c 1996 | ||
| 650 | |a Water convervation | ||
| 650 | |z Laos | ||
| 904 | |i Hiếu | ||
| 980 | |a Trung tâm Học liệu Trường Đại học Cần Thơ | ||